000 00325nam a22001337a 4500
008 180924b xxu||||| |||| 00| 0 eng d
020 _a9780323048118
041 _aeng
080 _25th
_a610.73
100 _a1
101 _aINF
245 _aTranscultural nursing assesment and Intervention
_cGiger,J.N
942 _2udc
_cBK
999 _c48320
_d48320